00391 2200157 4500245005600000020002200056250001100078100001700089650001700106005001900123260002900142041001400171084001000185300002900195336000900224 aBe Calm Be Strong , Be GratefulcWirda MansurhText a979-602-6475-54-1 aCet. 1 aWirda Mansur aAkhlak Mulia a20230904094424 aJakartabKataDepanc2017 aIndonesia a297.5 aviii, 284 hlm. :c19 cm. atext